El marxismo sociológico /

Se plantean las características del marxismo sociológico, el cual subordina los fenómenos de cultura, conducta y mentalidad, a la base económica de la sociedad. Se describen los antecedentes del marxismo con Marx, Engels, Lenin, Trotsky, Gramsci, Luxemburg, y la Escuela de Frankfurt. Se reconoce su...

Full beskrivning

Sparad:
Bibliografiska uppgifter
Huvudupphovsman: Sempere, Joaquín
Materialtyp: Text
Ämnen:
Taggar: Lägg till en tagg
Inga taggar, Lägg till första taggen!

MARC

LEADER 00000 a a2200000 04500
001 40890
003
040
100 |a Sempere, Joaquín  
245 |a El marxismo sociológico /  |c Joaquín Sempere  
520 |a Se plantean las características del marxismo sociológico, el cual subordina los fenómenos de cultura, conducta y mentalidad, a la base económica de la sociedad. Se describen los antecedentes del marxismo con Marx, Engels, Lenin, Trotsky, Gramsci, Luxemburg, y la Escuela de Frankfurt. Se reconoce su potencial emancipador que ha contribuido al desarrollo de otros modelos que explican la opresión.  
590 |a EFU/MAYO2011  
650 |a 1.SOCIOLOGIA  
650 |a 2.MARXISMO  
650 |a 3.SOCIOLOGOS  
650 |a 4.TEORIA  
773 |g páginas 121-140  
999 |c 29283  |d 29283